000 00370nam a22001577a 4500
003 MPLRDC
005 20220104125640.0
008 210129b ||||| |||| 00| 0 eng d
082 _a947.47 KMXS v.1
100 _a不详
245 _a孔明先生: 三顾茅芦. 一
_c
260 _a
_b不详
_c
300 _b
650 _a儿童画
942 _cBK
_o947.47 KMXS v.1
999 _c29037
_d29027